| 000 | 00819nam a22002537a 4500 | ||
|---|---|---|---|
| 003 | dpl | ||
| 005 | 20180606162445.0 | ||
| 008 | 180606b xxu||||| |||| 00| 0 eng d | ||
| 010 | _aB-045903 | ||
| 020 |
_c00.00 _a8176030120 |
||
| 035 | _aB-045903 | ||
| 037 | _bbppd/pub | ||
| 040 |
_aDPL _bEN _c0 |
||
| 082 |
_a630 _bMAN |
||
| 245 |
_aobjective arithmetic fro all retitive examinations _cby manish puri [and] S.K.Arora |
||
| 260 |
_biims publications _anew Delhi _c2001 |
||
| 270 |
_a6/18 jangpura extension near road _bnew Delhi _e110014 |
||
| 300 |
_avi,412p. : _c18cm(Hb) _bill. |
||
| 650 |
_aManagement of Agriculture _933327 |
||
| 650 |
_aPeople's participation in extension _933328 |
||
| 700 |
_aarora s.k _933329 |
||
| 700 |
_apuri manish _994010 |
||
| 942 |
_2ddc _cEN _h181.02 _maro |
||
| 999 |
_c152573 _d152573 |
||